• 首页
  • 本馆介绍
  • 公告通知
  • 最新文献
  • 馆藏检索
  • 电子资源
  • 读者导购
  • 参考咨询
  • 我的图书馆
  • 登录
  • 详细信息显示
  • 放入我的书架
  • 预约/预借图书
  • 作者相关作品
  • 分类相关作品
  • 丛书相关作品
  • 出版社相关作品

书目信息

  • 表格格式
  • 工作单格式
  • 卡片格式
题名:
外国新闻传播史
    
 
作者: 陈力丹 著
分册:  
出版信息: 北京   中国人民大学出版社  2015
页数: 265页
开本: 26cm
丛书名: 新编21世纪新闻传播学系列教材
单 册:
中图分类: G219.19
科图分类:
主题词: 新闻事业史--xin wen shi ye shi--国外--教材
电子资源:
ISBN: 978-7-300-20259-4
000 01293nam 2200277 450
001 012001003866
005 20131014152708.0
010    @a978-7-300-20259-4@dCNY35.00
099    @aCAL 012015033000
100    @a20150331d2015 em y0chiy50 ea
101 0  @achi
102    @aCN@b110000
105    @aa z 000yy
106    @ar
200 1  @a外国新闻传播史@Awai guo xin wen chuan bo shi@d= The history of foreign journalism and communication@f陈力丹 ... [等] 著@zeng
210    @a北京@c中国人民大学出版社@d2015
215    @a265页@c图@d26cm
225 2  @a新编21世纪新闻传播学系列教材@Axin bian 21 shi ji xin wen chuan bo xue xi lie jiao cai@i基础课程系列
330    @a本书在世界20国集团架构的基础上全面展现世界主要国家新闻传播的历史,全书共7编23章,包括概述、欧洲板块、美洲板块、亚洲板块、西亚北非板块、撒哈拉沙漠以南非洲板块、大洋洲板块6个板块共23个国家的新闻传播史。具体介绍某国新闻史时,均涉及此国家新闻传播的发展历史、总体特征以及目前新闻传播业新格局三个方面。
410  0 @12001@a新编21世纪新闻传播学系列教材@i基础课程系列
510 1  @aHistory of foreign journalism and communication@zeng
606 0  @a新闻事业史@Axin wen shi ye shi@y国外@j教材
690    @aG219.19@v5
701  0 @a陈力丹@Achen li dan@4著
801    @b江苏凤凰@c20191020
905    @b1234157-62@dG219.19@e808@f6
    
    外国新闻传播史= The history of foreign journalism and communication/陈力丹 ... [等] 著.-北京:中国人民大学出版社,2015
    265页:图;26cm.-(新编21世纪新闻传播学系列教材.基础课程系列)
    
    
    ISBN 978-7-300-20259-4:CNY35.00
    本书在世界20国集团架构的基础上全面展现世界主要国家新闻传播的历史,全书共7编23章,包括概述、欧洲板块、美洲板块、亚洲板块、西亚北非板块、撒哈拉沙漠以南非洲板块、大洋洲板块6个板块共23个国家的新闻传播史。具体介绍某国新闻史时,均涉及此国家新闻传播的发展历史、总体特征以及目前新闻传播业新格局三个方面。
●
相关链接 在E读中查询图书 在五车中查询图书 在当当中查询图书 在豆瓣中查询图书


正题名:外国新闻传播史     索取号:G219.19/808         预约/预借

序号 登录号 条形码 馆藏地/架位号 状态 备注
1 1234157   212341571   第一样本阅览室/ [索取号:G219.19/808] 在馆    
2 1234158   212341580   第四借阅区/ [索取号:G219.19/808] 在馆    
3 1234159   212341599   第四借阅区/ [索取号:G219.19/808] 在馆    
4 1234160   212341606   教育系资料室/ [索取号:G219.19/808] 在馆    
5 1234161   212341615   教育系资料室/ [索取号:G219.19/808] 在馆    
6 1234162   212341624   教育系资料室/ [索取号:G219.19/808] 在馆    
唐山师范学院图书馆 欢迎您!
大连网信软件有限公司© 版权所有